| 000 | 00438cam a2200169ua 4500 | ||
|---|---|---|---|
| 020 | _c$ 12.00 | ||
| 041 |
_aeng _h |
||
| 082 |
_a631.1 _bSOD/AG |
||
| 100 | _aSode, Ove . | ||
| 245 |
_aAgricultural engineering in development / _cOve Soda. _hTextual Documents |
||
| 260 |
_aUN (Rome) : _bFood&agriculture organisation , _c1990. |
||
| 300 | _a116 ; . | ||
| 365 | _a$ 12.00 | ||
| 504 | _a | ||
| 942 | _cBK | ||
| 999 |
_c6947 _d6947 |
||